000 01253nam a2200337 c 4500
999 _c195748
_d195748
003 BLK
005 20230714125408.0
008 180411b bul|||||r ||||||| ||bul||
010 _aKNG00205002000
040 _aBLK
041 _aBUL
_cBUL
072 7 _2bullib
_aА
_xФонд Михаил Арнаудов
080 _aБългарска литература
_b821.163.2
_x-321.6
_z821.163.2-321.6
100 _aДаскалов, Богомил Христов
_d1876-1944
_9385468
139 _aДаскалов, Богомил Христов
_bД 24
245 1 0 _aРайчо
_bИст. разказ
_cБогомил Христов Даскалов.
257 _aBGR
260 _c1932
_fТрявна : В. Зидаров
300 _a36 с.
_bс ил.
_c16 см
380 _aX
490 _9396381
_aЧастна колекция - Академик Михаил Арнаудов
_gДарение - Основен фонд
500 _aМека подв., неразрязана
659 _aА
852 _aМА 695
_bМА
856 4 _qpdf
856 4 _qpdf
942 _cKNG
_n0
_s1
944 _aCR
_c12.04.2017
_k30529
_lДиана Гривева
944 _aED
_c12.04.2017
_kГеновева_Генчева
999 _d195748